Ochrana spotrebiteľa v SR diplomová práca

Uložené v:
Podrobná bibliografia
Hlavný autor: Kucbelová, Monika
Korporativný autor: Obchodná fakulta EU. Katedra marketingu
Ďalší autori: Tkáčiková, Jarmila
Médium: Kniha
Jazyk:Slovak
Vydavateľské údaje: Bratislava 2011
Tagy: Pridať tag
Žiadne tagy, Buďte prvý, kto otaguje tento záznam!

MARC

LEADER 00000nbm a2200000 4500
001 0131908
005 20161109101741.4
041 0 |a slo 
044 |a SK 
245 1 0 |a Ochrana spotrebiteľa v SR  |b diplomová práca  |c Monika Kucbelová ; školiteľ: Jarmila Tkáčiková 
264 1 |a Bratislava  |c 2011 
300 |a 83 s. 
100 1 |a Kucbelová, Monika 
700 1 |a Tkáčiková, Jarmila 
710 2 |a Obchodná fakulta EU. Katedra marketingu